000 00476cam0a220019300 4500
001 tmp15756925
003 UPRA
005 20190809113342.0
008 951020s1984 xx eng u
035 _a(Sirsi) r42138
035 _a(UPRA)tmp15756925
040 _cUPRA
100 1 _aDoll, John P.
_6A83165.1
245 1 0 _aProduction economics.
250 _a2nd ed.
260 _c1984.
949 _aHB241
_wLC
_i33729001443220
_mVETMED
_p2500
_tBOOK
_lON-SHELF
004 42138
999 _c1389
_d1389